Kartky- Blackout, Dom na skraju niczego - Tytuły - Statystyki

Ogólne statystyki
  • Ten quiz został rozwiązany 15 razy
  • Średni wynik to 8 z 15
Statystyki odpowiedzi
Hint Odpowiedź % Poprawnych
Poskładaj z nich wieżę do nieba i podpal, markerem napisałem „witamy w Gotham” Blackout
92%
Trzy małe siostry w domu jak Atomówki Ale mniej bajki, bo więcej bójki i brawurki Niemanieba
85%
Jak poznać podstępy od diabła Wiem, że przeczytał twój cały Instagram Dom na skraju niczego
77%
A to kto jest hip-hopowcem, zwodzi na manowce I wali konia pod stare legale Laura Palmer
69%
Dałem dwie dobre płyty, tamten rok miał być moim Ale nie był, bo wśród gości, nie było twoich idoli Yennefer
69%
Ten lamus mi znowu wydzwania, a ja go zapraszam tam do mnie pod dom Detroit
62%
Ona przy mnie odpala skręta I mówi, że kocha "Ballada Disidenta" Westworld
62%
Nie pytam "Quo Vadis?", bo wiem dokąd idę, a krople na szybach wyliczają mile Igni
54%
Naćpany fest, ty nawet mnie nie pytaj gdzie mieszkam Aard
46%
Kupiłem sobie 4 litry łychy Po to, żeby dziś się pozbyć pychy Łza dla cieniów minionych
38%
To był dwa tysiące osiem lub siedem Się skończył
38%
Ja jestem tu sam, ale mogę być każdym Jak Bóg Wielu Twarzy Silent hill
38%
Oczy całe we łzach A mój okręt już tonie i dotyka dna Azrael
31%
Puszcza Kaliego, Dixonów, Fonosów gdy nabija temat do bonga Mój kolega diler
31%
Jak znów powtarzam, to mnie wkurwia to samo A nie chcę stracić ani chwili, z tego co mi zostało Ellie
23%
Nie znaleziono quizów pasujących do podanych kryteriów
Rozkład punktacji
Procent ludzi z każdym wynikiem
Percentyl według liczby udzielonych odpowiedzi
Twoja historia wyników
Nie rozwiązałeś tego quizu